000 00482nam a2200145Ia 4500
008 100204s9999 xx 000 0 und d
082 _b3626
100 _aदेशमुख नी. वा.
245 _aशूरा मी वंदिले
260 _bकॉन्टिनेन्टल प्रकाशन पुणे
300 _a406
630 _aशूरा मी वंदिले
730 _aशूरा मी वंदिले
942 _cBOOK
999 _c448540
_d448537